00470nam a2200157Ia 4500001000500000005001700005008004100022041000800063082001700071100005200088245011900140260000900259300002800268650000800296654000800304947020260306161721.0260306t2000||||xx |||||||||||||| ||spa|| aESP a379.151bR33 aConsejo Nacional de Ciencia y TecnologíaeAUT 0aRecursos del ser humano:breflexiones sobre la educación y el desarrollo científico y tecnológico del país c2000 a108 páginas :c29 cm. aGEN aCED